01450cam a22003494a 4500999001700000001000900017003000400026005001700030008004100047010001700088020002200105040001800127042000800145043001200153050002300165082001500188100001800203245010600221246004600327260005700373300004100430500015900471504006400630600004600694650005200740700003300792700002100825710004800846906004500894942003500939952012600974 c26516d2651611969986OSt20170204144756.0000410s2001 vaua bc 001 0 eng  a 00038990  a088397133X (pbk.) aDLCcDLCdDLC apcc an-us---00aND237.M78bA4 200100a759.132211 aKallir, Jane.10aGrandma Moses in the 21st century /cJane Kallir ; with contributions by Roger Cardinal ... [et al.].3 aGrandma Moses in the twenty-first century aAlexandria, VA :bArt Services International,c2001. a263 p. :bill. (some col.) ;c30 cm. aCatalog of an exhibition held in the National Museum of Women in the Arts, Washington, D.C. and five other museums between Mar. 15, 2001 and Dec. 1, 2002. aIncludes bibliographical references (p. 260-261) and index.00aMoses,cGrandma,d1860-1961vExhibitions. 0aPrimitivism in artzUnited StatesvExhibitions.1 aMoses,cGrandma,d1860-1961.1 aCardinal, Roger.2 aNational Museum of Women in the Arts (U.S.) a7bcbccorignewd1eocipf20gy-gencatlg 2lcccBOOKShND 237 .M78A4 2001 00102lcc4070aMUCbMUCcTECHd2017-02-04eDonation(B.F.A)l0oND 237 .M78A4 2001p34333r2018-07-10w2017-02-04yBOOKS